| 000 | 01524nam a22004097a 4500 | ||
|---|---|---|---|
| 001 | 11143106 | ||
| 005 | 20030816082346.0 | ||
| 008 | 751101c19349999ii mxzp 0 a0eng | ||
| 010 | _a 47037454 | ||
| 022 | _a0019-4913 | ||
| 035 | _a(OCoLC)ocm01752884 | ||
| 040 |
_aDLC _cMnMULS _dNIC _dAIP _dDLC _dNST _dNSDP _dOCoLC _dDLC |
||
| 042 |
_alc _ansdp |
||
| 043 | _aa-ii--- | ||
| 050 |
_aNA1 _b.I48 |
||
| 082 | _a720.6254 | ||
| 210 | _aJ. Indian Inst. Archit. | ||
| 222 | _aJournal of the Indian Institute of Architects | ||
| 245 | _aJournal of the Indian Institute of Architects. | ||
| 260 |
_aMumbai _bIndian Institute of Architects. |
||
| 300 |
_av. : _bill. (incl. ports.) diagrs. ; _c28 cm. |
||
| 310 |
_aMonthly (Irregular), _b<Jan. 1998- > |
||
| 321 | _aMonthly | ||
| 362 | _aBegan with: Vol. 1 in Apr. 1934. | ||
| 500 | _aDescription based on: Vol. 4l, no. 4 (Oct./Dec. 1975); title from cover. | ||
| 500 | _aLatest issue consulted: Vol. 66, issue 11 (Dec. 2001). | ||
| 515 | _aSome numbers are issued in combined form. | ||
| 590 | _aSERBIB/SERLOC merged record | ||
| 650 |
_aArchitecture _vPeriodicals. |
||
| 650 |
_aArchitecture _zIndia. |
||
| 710 | _aIndian Institute of Architects. | ||
| 906 |
_a7 _bcbc _cserials _du _encip _f19 _gn-oclcserc |
||
| 942 |
_2ddc _cSR _h720.6254 _mJOU _s1 |
||
| 999 |
_c23057 _d23057 |
||